1524 1581 1198 1780 1319 1157 1099 1156 1236 1022 1207 1701 1118 1294 1316 1985 1755 1638 1887 1909 1688 1960 1189 1731 1478 1753 1018 1153 1697 1158 1967 1853 1708 1674 1908 1800 1649 1382 1876 1263 1867 1040 1469 1021 1642 1178 1322 1330 1521 1624 1586 1024 1183 1072 1520 1413 1351 1270 1647 1986 1472 1898 1194 1824 1230 1143 1873 1050 1574 1114 1459 1480 1982 1630 1042 1918 1779 1307 1041 1688 1579 1088 1999 1507 1262 1667 1150 1532 1898 1761 1777 1454 1492 1528 1893 1807 1046 1924 1034 BCNSPRNW ULIB Ver.6.0+V

เปลี่ยนเป็นภาษาไทย

Change to English
 แสดงรายละเอียดบรรณานุกรม
  กลับหน้าหลัก

Brief Record : Get Marc (ISO 2709) : E-mail record : QR code < ปิดหน้าต่าง
LEADER : 00000nam 2200000uu 4500
001    13399111172
003     ULIB
008    110619s2544||||th 000 0 tha d
020    9749011988
060 04 WY105^bพ489ก 2544
100 0  พวงรัตน์ บุญญานุรักษ์
245 00 ก้าวใหม่สู่บทบาทใหม่ในการบริหารการพยาบาล /^cพวงรัตน์บุญญานุรักษ์
250    พิมพ์ครั้งที่ 1
260    กรุงเทพฯ :^bวังใหม่บลูพรินต์,^c2544
300    184 หน้า ;^c30 ซม.
650  7 การพยาบาล^xองศ์การและการบริหาร
650  7 การบริหารการพยาบาล
650  7 การบริหาร
700 0  พวงรัตน์ บุญญานุรักษ์,^eบรรณาธิการ
945    ^p0^l0^i11707
995    เกษร
999    ^aใช้งานได้ทุกระบบ
รายการนี้ยังไม่มีแท็ก
คุณยังไม่ได้ล็อกอิน คุณสามารถมีกิจกรรมร่วมกับเว็บไซต์ได้ แต่ต้องล็อกอินก่อน ::
  ล็อกอิน

รายการสื่อสารสนเทศ

ลำดับที่ ประเภท เลขเรียก/บาร์โค้ด สถานที่ สถานะ
- ไม่พบข้อมูล -

รายการใกล้เคียง
    ผู้แต่ง [พวงรัตน์ บุญญานุรักษ์]

    หัวเรื่อง [การบริหารการพยาบาล]
    หัวเรื่อง [การบริหาร]

BibComment


ยังไม่เคยถูกคอมเมนท์

คอมเมนท์ทรัพยากรรายการนี้
  คอมเมนท์: ก้าวใหม่สู่บทบาทใ..


 Copyright 2026. Bcnsprnw @Library